[Event "Innsbruck op-B 3rd"]
[Site "Innsbruck"]
[Date "2019.09.01"]
[Round "9"]
[White "Buciu, Aurel John"]
[Black "Leitl, Stefan"]
[Result "1/2-1/2"]
[WhiteElo "1689"]
[BlackElo "1553"]
[PlyCount "32"]
[EventDate "2019.08.25"]
[EventType "swiss"]
[EventRounds "9"]
[EventCountry "AUT"]
[SourceTitle "EXT 2020"]
[Source "ChessBase"]
[SourceDate "2019.10.17"]
[SourceVersion "1"]
[SourceVersionDate "2019.10.17"]
[SourceQuality "1"]

1. d4 Nf6 2. Bf4 c5 3. e3 Qb6 4. Nc3 Qxb2 5. Nb5 Nd5 6. a3 a6 7. Rb1 Qa2 8. Qc1 axb5 9. Ra1 Qxa1 10. Qxa1 Nc6 11. Bxb5 cxd4 12. Bxc6 bxc6 13. Ne2 dxe3 14. fxe3 f6 15. e4 Nxf4 16. Nxf4 e5 1/2-1/2

[Event "Innsbruck op-B 3rd"]
[Site "Innsbruck"]
[Date "2019.08.26"]
[Round "2"]
[White "Leitl, Stefan"]
[Black "Sander, Rolf"]
[Result "1-0"]
[WhiteElo "1553"]
[BlackElo "1976"]
[PlyCount "61"]
[EventDate "2019.08.25"]
[EventType "swiss"]
[EventRounds "9"]
[EventCountry "AUT"]
[SourceTitle "EXT 2020"]
[Source "ChessBase"]
[SourceDate "2019.10.17"]
[SourceVersion "1"]
[SourceVersionDate "2019.10.17"]
[SourceQuality "1"]

1. Nf3 d5 2. c4 e6 3. cxd5 exd5 4. d4 c5 5. Nc3 Nc6 6. e3 Nf6 7. Bb5 Be7 8. Ne5 Bd7 9. Nxd7 Qxd7 10. 0-0 0-0 11. b3 cxd4 12. exd4 Rac8 13. Bb2 a6 14. Bd3 b5 15. a3 h6 16. Ne2 Bd6 17. Ng3 Bxg3 18. hxg3 Rfe8 19. Qf3 Qd6 20. a4 Qb4 21. axb5 Nxd4 22. Bxd4 Qxd4 23. bxa6 Rc3 24. Rfd1 Qb4 25. a7 Ra8 26. Qf4 Rxb3 27. Qxb4 Rxb4 28. Rdb1 Rxb1+ 29. Rxb1 Nd7 30. Rb7 Rd8 31. Rxd7 1-0

[Event "Innsbruck op-B 1st"]
[Site "Innsbruck"]
[Date "2017.09.02"]
[Round "9"]
[White "Leitl, Stefan"]
[Black "Beyer, Edith"]
[Result "1-0"]
[WhiteElo "1413"]
[BlackElo "1406"]
[PlyCount "79"]
[EventDate "2017.08.25"]
[EventType "swiss"]
[EventRounds "9"]
[EventCountry "AUT"]
[SourceTitle "CBM 180 Extra"]
[Source "ChessBase"]
[SourceDate "2017.10.06"]
[SourceVersion "1"]
[SourceVersionDate "2017.10.06"]
[SourceQuality "1"]

1. c4 e5 2. Nc3 Nf6 3. g3 Nc6 4. Bg2 Rb8 5. e3 b6 6. d4 exd4 7. exd4 Bb4 8. Nge2 Bxc3+ 9. Nxc3 0-0 10. 0-0 h6 11. Bf4 Ne7 12. Nb5 d6 13. Nxa7 Bb7 14. d5 Qd7 15. Nb5 Ba6 16. a4 Ng6 17. Bd2 Ne5 18. b3 c6 19. dxc6 Nxc6 20. Bc3 Ne8 21. Bxc6 Qxc6 22. Bb4 Rd8 23. Qd5 Qd7 24. Rad1 Bxb5 25. axb5 Kh8 26. Rd4 f5 27. Rfd1 Rf6 28. Bc3 Qa7 29. Rh4 Nc7 30. Qf3 Rf7 31. Rxh6+ Kg8 32. Rhxd6 Re8 33. Rd8 Rff8 34. Rxe8 Rxe8 35. Qxf5 Rf8 36. Qg5 Ne6 37. Qd5 Re8 38. f4 Kf8 39. Bb4+ Kg8 40. f5 1-0

[Event "Innsbruck op-B 1st"]
[Site "Innsbruck"]
[Date "2017.08.30"]
[Round "6"]
[White "Waha, Christian"]
[Black "Leitl, Stefan"]
[Result "1/2-1/2"]
[WhiteElo "1745"]
[BlackElo "1413"]
[PlyCount "51"]
[EventDate "2017.08.25"]
[EventType "swiss"]
[EventRounds "9"]
[EventCountry "AUT"]
[SourceTitle "CBM 180 Extra"]
[Source "ChessBase"]
[SourceDate "2017.10.06"]
[SourceVersion "1"]
[SourceVersionDate "2017.10.06"]
[SourceQuality "1"]

1. d4 Nf6 2. c4 g6 3. Nc3 Bg7 4. e4 d6 5. Nf3 0-0 6. Be2 e5 7. 0-0 Nbd7 8. Qc2 b6 9. h3 Bb7 10. Be3 Nh5 11. Rad1 Nf4 12. Bxf4 exf4 13. Bd3 f5 14. Ne2 Qe7 15. Nc3 c5 16. exf5 Bxf3 17. gxf3 Qg5+ 18. Kh2 gxf5 19. Rg1 Qh5 20. Be2 Rf6 21. Nd5 Rh6 22. Nxf4 Qh4 23. Qd2 Qxf2+ 24. Rg2 Qxd4 25. Qxd4 cxd4 26. Rdg1 1/2-1/2

[Event "Innsbruck op-B 1st"]
[Site "Innsbruck"]
[Date "2017.08.28"]
[Round "3"]
[White "Ponomarev, Maximilian"]
[Black "Leitl, Stefan"]
[Result "1-0"]
[WhiteElo "1718"]
[BlackElo "1413"]
[PlyCount "61"]
[EventDate "2017.08.25"]
[EventType "swiss"]
[EventRounds "9"]
[EventCountry "AUT"]
[SourceTitle "CBM 180 Extra"]
[Source "ChessBase"]
[SourceDate "2017.10.06"]
[SourceVersion "1"]
[SourceVersionDate "2017.10.06"]
[SourceQuality "1"]

1. e4 c5 2. Nf3 d6 3. d4 cxd4 4. Nxd4 Nf6 5. f3 e6 6. c4 Qb6 7. Nc3 a6 8. b3 Be7 9. Be3 0-0 10. Nf5 Qc7 11. Nxe7+ Qxe7 12. Be2 Nc6 13. 0-0 Rd8 14. Bb6 Rd7 15. Na4 Nh5 16. Be3 Rd8 17. Nb6 Rb8 18. Qd2 Nf6 19. Rfd1 h6 20. Qc3 Ne8 21. a3 Nf6 22. b4 Nd7 23. Nxc8 Rbxc8 24. Rac1 Nce5 25. Qd4 Nf6 26. c5 Nc6 27. cxd6 Nxd4 28. dxe7 Nxe2+ 29. Kf2 Rxd1 30. Rxc8+ Kh7 31. Kxe2 1-0

[Event "AUT-ch U12"]
[Site "Tschagguns"]
[Date "2012.05.26"]
[Round "2"]
[White "Gelbenegger, Patrick"]
[Black "Leitl, Stefan"]
[Result "1-0"]
[WhiteElo "1600"]
[BlackElo "1477"]
[PlyCount "93"]
[EventDate "2012.05.26"]
[EventType "swiss"]
[EventRounds "7"]
[EventCountry "AUT"]
[SourceTitle "CBM 148 Extra"]
[Source "ChessBase"]
[SourceDate "2012.06.22"]
[SourceVersion "1"]
[SourceVersionDate "2012.06.22"]
[SourceQuality "1"]

1. e4 e5 2. Nf3 Nc6 3. Bc4 Nf6 4. d3 Bc5 5. Nc3 d6 6. h3 Be6 7. Bb3 0-0 8. Bg5 h6 9. Be3 Bxe3 10. fxe3 Nh5 11. 0-0 Ne7 12. Kh2 Ng6 13. Nxe5 Nxe5 14. Qxh5 Nc6 15. Qe2 Qg5 16. d4 Ne7 17. d5 Bd7 18. Rf3 Qh5 19. Raf1 Bg4 20. Qf2 Bxf3 21. gxf3 Ng6 22. Qg3 Qh4 23. Qxh4 Nxh4 24. f4 f5 25. e5 Rfe8 26. Nb5 Re7 27. exd6 cxd6 28. Nxd6 Rxe3 29. Nxb7 Nf3+ 30. Kh1 Nd2 31. d6+ Kf8 32. Rd1 Ne4 33. Kg2 Nxd6 34. Rxd6 Rae8 35. Rd2 h5 36. Nc5 h4 37. Nd7+ Ke7 38. Ne5 Kf6 39. Nd7+ Kg6 40. Ne5+ Kh5 41. Bf7+ Kh6 42. Bxe8 Rg3+ 43. Kh2 g5 44. fxg5+ Kxg5 45. Rg2 f4 46. Rxg3+ fxg3+ 47. Kg2 1-0